Christians in the Arab East : a political study /

محفوظ في:

المؤلف الرئيسي: Betts, Robert Brenton (مؤلف)

التنسيق: كتاب

اللغة: English

منشور في: Atlanta : John Knox Press, c1978.

الطبعة: Rev. ed.

الموضوعات:

الوسوم: إضافة وسم

لا توجد وسوم, كن أول من يضع وسما على هذه التسجيلة!

رقم الطلب: BR1067 .A7 B47 1978

LEADER 00800nam a2200265 i 4500
001 2595
003 OSt
005 20251014113805.0
008 130303s1978 gau b 001 0 eng d
010 |a 78008674 
020 |a 0804207968 
040 |c ARCE Library 
043 |a ma----- 
050 4 |a BR1067 .A7 B47 1978 
100 1 |a Betts, Robert Brenton,   |e author 
245 1 0 |a Christians in the Arab East :   |b a political study /   |c by Robert Brenton Betts. 
250 |a Rev. ed. 
264 1 |a Atlanta :  |b John Knox Press,  |c c1978. 
300 |a xvii, 318 pages ;  |c 21 cm. 
504 |a Includes bibliographical references (pages 277-303) and index. 
650 0 |a Christians  |z Arab countries. 
651 0 |a Arab countries  |x Politics and government. 
901 |a reviewed 
942 |c BK  |2 lcc 
999 |c 6356  |d 6356